[Event "FICGS rapid E 000234 email"]
[Site "FICGS email"]
[Date "2020.01.05"]
[Round "1"]
[White "George, Sebastine"]
[Black "Frame, Jeremy"]
[Result "1-0"]
[WhiteElo "1240"]
[BlackElo "1217"]
[PlyCount "27"]
[EventDate "2020.??.??"]
[EventType "tourn (rapid)"]
[EventRounds "6"]
[SourceTitle "Corr 2022"]
[Source "ChessBase"]
[SourceDate "2021.10.24"]
[SourceVersion "1"]
[SourceVersionDate "2021.10.24"]
[SourceQuality "1"]

1. a3 e5 2. h3 d5 3. e3 Nf6 4. d4 e4 5. c4 c6 6. Ne2 Bd6 7. cxd5 Nxd5 8. Nbc3 Bc7 9. Nxe4 Bf5 10. N2c3 Nxc3 11. Nxc3 0-0 12. Be2 Qd6 13. e4 Bg6 14. e5 1-0

[Event "FICGS rapid E 000125 email"]
[Site "FICGS email"]
[Date "2014.03.11"]
[Round "1"]
[White "Frame, Jeremy"]
[Black "Cavaille, Cedric"]
[Result "0-1"]
[WhiteElo "1262"]
[BlackElo "1102"]
[PlyCount "40"]
[EventDate "2014.??.??"]
[EventType "tourn (rapid)"]
[EventRounds "6"]
[SourceTitle "Corr 2022"]
[Source "ChessBase"]
[SourceDate "2021.10.24"]
[SourceVersion "1"]
[SourceVersionDate "2021.10.24"]
[SourceQuality "1"]

1. e4 e5 2. Nf3 d6 3. d4 exd4 4. Nxd4 Bd7 5. Nc3 Nf6 6. Bc4 Nc6 7. 0-0 Nxd4 8. Qxd4 Be7 9. Bg5 0-0 10. f4 c5 11. Qd2 h6 12. Bh4 a6 13. Bxf6 Bxf6 14. Nd5 Be6 15. Nxf6+ Qxf6 16. Bxe6 Qxe6 17. Rad1 Qxa2 18. Qxd6 Qxb2 19. Qxc5 Rac8 20. Qf2 Qxc2 0-1

[Event "FICGS rapid E 000125 email"]
[Site "FICGS email"]
[Date "2014.03.11"]
[Round "1"]
[White "Frame, Jeremy"]
[Black "Stoyanov, Zdravko"]
[Result "1-0"]
[WhiteElo "1262"]
[BlackElo "1156"]
[PlyCount "107"]
[EventDate "2014.??.??"]
[EventType "tourn (rapid)"]
[EventRounds "6"]
[SourceTitle "Corr 2022"]
[Source "ChessBase"]
[SourceDate "2021.10.24"]
[SourceVersion "1"]
[SourceVersionDate "2021.10.24"]
[SourceQuality "1"]

1. e4 c5 2. Bc4 e6 3. Nf3 Nc6 4. Nc3 h6 5. d3 a6 6. Bf4 d6 7. 0-0 e5 8. Be3 Bg4 9. h3 Bh5 10. Nd5 Nf6 11. Nxf6+ Qxf6 12. c3 Bxf3 13. Qxf3 Qxf3 14. gxf3 Na5 15. Bd5 Be7 16. b4 cxb4 17. cxb4 Nc6 18. Bxc6+ bxc6 19. d4 Bf6 20. Rfd1 0-0 21. Rac1 Rac8 22. d5 cxd5 23. Rxd5 Be7 24. Kf1 Rb8 25. a3 Rb5 26. Rxb5 axb5 27. Rc7 Re8 28. Rb7 Bf6 29. Rxb5 Ra8 30. Ra5 Rb8 31. b5 Bd8 32. b6 Bxb6 33. Bxb6 Rxb6 34. Ra8+ Kh7 35. a4 Kg6 36. a5 Rb1+ 37. Ke2 f5 38. a6 Ra1 39. a7 Kh5 40. Kd3 fxe4+ 41. fxe4 Kh4 42. Kc4 Kxh3 43. Kb5 h5 44. Kb6 g5 45. Rh8 h4 46. a8Q Rxa8 47. Rxa8 g4 48. Rg8 g3 49. fxg3 hxg3 50. Kc6 g2 51. Kxd6 Kh2 52. Kxe5 g1Q 53. Rxg1 Kxg1 54. Kf4 1-0

[Event "FICGS W-ch st1 g04 email"]
[Site "FICGS email"]
[Date "2014.03.03"]
[Round "1"]
[White "Faust, Dieter"]
[Black "Frame, Jeremy"]
[Result "1-0"]
[WhiteElo "1830"]
[BlackElo "1262"]
[PlyCount "41"]
[EventDate "2014.??.??"]
[EventType "tourn (corr)"]
[EventRounds "8"]
[SourceTitle "Corr 2022"]
[Source "ChessBase"]
[SourceDate "2021.10.24"]
[SourceVersion "1"]
[SourceVersionDate "2021.10.24"]
[SourceQuality "1"]

1. d4 d5 2. c4 c6 3. Nf3 e6 4. g3 Nf6 5. Bg2 Bb4+ 6. Bd2 Bxd2+ 7. Nbxd2 Nbd7 8. 0-0 0-0 9. Qc2 c5 10. cxd5 Nxd5 11. dxc5 Qc7 12. Nb3 b6 13. c6 Nb8 14. Rac1 Nb4 15. Qc4 N4xc6 16. Nfd4 Bb7 17. Bxc6 Nxc6 18. Nxc6 Rac8 19. Nbd4 e5 20. Nf5 Bxc6 21. Qg4 1-0

[Event "FICGS W-ch st1 g04 email"]
[Site "FICGS email"]
[Date "2014.03.03"]
[Round "1"]
[White "Frame, Jeremy"]
[Black "Hardfeldt, Pan"]
[Result "0-1"]
[WhiteElo "1262"]
[BlackElo "2032"]
[PlyCount "38"]
[EventDate "2014.??.??"]
[EventType "tourn (corr)"]
[EventRounds "8"]
[SourceTitle "Corr 2022"]
[Source "ChessBase"]
[SourceDate "2021.10.24"]
[SourceVersion "1"]
[SourceVersionDate "2021.10.24"]
[SourceQuality "1"]

1. e4 e5 2. Nf3 Nc6 3. Bc4 Bc5 4. Nc3 Nf6 5. d3 d6 6. Bg5 Na5 7. Bb3 c6 8. h3 0-0 9. 0-0 h6 10. Be3 Bxe3 11. fxe3 b5 12. Nh4 b4 13. Ne2 Nxb3 14. axb3 Ng4 15. hxg4 Qxh4 16. Qe1 Qxg4 17. Rf3 a5 18. Rg3 Qh5 19. Rh3 Bxh3 0-1

[Event "FICGS W-ch st1 g04 email"]
[Site "FICGS email"]
[Date "2014.03.03"]
[Round "1"]
[White "Haack, Stefan"]
[Black "Frame, Jeremy"]
[Result "1-0"]
[WhiteElo "1572"]
[BlackElo "1262"]
[PlyCount "49"]
[EventDate "2014.??.??"]
[EventType "tourn (corr)"]
[EventRounds "8"]
[SourceTitle "Corr 2022"]
[Source "ChessBase"]
[SourceDate "2021.10.24"]
[SourceVersion "1"]
[SourceVersionDate "2021.10.24"]
[SourceQuality "1"]

1. e4 e5 2. Nf3 Nf6 3. Nc3 Nc6 4. d4 exd4 5. Nxd4 Bc5 6. Be3 Bxd4 7. Bxd4 0-0 8. Bc4 d6 9. 0-0 Nxd4 10. Qxd4 Be6 11. Bd3 Re8 12. f4 Qe7 13. e5 dxe5 14. fxe5 Nd7 15. Qe4 f5 16. exf6 Nxf6 17. Qh4 h6 18. Rae1 Qc5+ 19. Kh1 Bd7 20. Bc4+ Kh8 21. Rxe8+ Rxe8 22. Rxf6 Bf5 23. Rxh6+ gxh6 24. Qxh6+ Bh7 25. Qf6# 1-0

[Event "FICGS W-ch st1 g04 email"]
[Site "FICGS email"]
[Date "2014.03.03"]
[Round "1"]
[White "Ortiz, Clodomiro"]
[Black "Frame, Jeremy"]
[Result "1-0"]
[WhiteElo "2000"]
[BlackElo "1262"]
[PlyCount "73"]
[EventDate "2014.??.??"]
[EventType "tourn (corr)"]
[EventRounds "8"]
[SourceTitle "Corr 2022"]
[Source "ChessBase"]
[SourceDate "2021.10.24"]
[SourceVersion "1"]
[SourceVersionDate "2021.10.24"]
[SourceQuality "1"]

1. Nf3 Nf6 2. g3 d5 3. d4 c6 4. Bg2 Nbd7 5. 0-0 e6 6. b3 Bd6 7. Nbd2 0-0 8. Bb2 b6 9. Ne5 Bb7 10. e4 dxe4 11. Nxe4 Nxe4 12. Bxe4 Bxe5 13. dxe5 Qc7 14. Qd6 Qxd6 15. exd6 Rad8 16. Rad1 Nf6 17. Bxf6 gxf6 18. g4 Rd7 19. Rd3 Rfd8 20. Rfd1 Kg7 21. Kg2 c5 22. Bxb7 Rxb7 23. Kf3 Kf8 24. h4 Ke8 25. Ke4 Kd7 26. Rf3 Kc6 27. Rxf6 Rxd6 28. Rxd6+ Kxd6 29. Rh6 a6 30. Ke3 f6 31. Rxf6 Ke5 32. g5 Rd7 33. f4+ Kd6 34. Ke4 Ke7 35. Rh6 Kd6 36. f5 Rf7 37. Rxe6+ 1-0

[Event "FICGS class E 000171 email"]
[Site "FICGS email"]
[Date "2014.01.31"]
[Round "1"]
[White "Frame, Jeremy"]
[Black "Gonet, Gerard"]
[Result "0-1"]
[WhiteElo "1249"]
[BlackElo "1142"]
[PlyCount "88"]
[EventDate "2014.??.??"]
[EventType "tourn (corr)"]
[EventRounds "5"]
[SourceTitle "Corr 2022"]
[Source "ChessBase"]
[SourceDate "2021.10.24"]
[SourceVersion "1"]
[SourceVersionDate "2021.10.24"]
[SourceQuality "1"]

1. e4 Nc6 2. d4 d5 3. e5 Bf5 4. Bd3 Bg6 5. c3 e6 6. Nf3 Be7 7. Bf4 Qd7 8. 0-0 h5 9. Bb5 Be4 10. Nbd2 Bf5 11. Qa4 Nh6 12. h3 a6 13. Rfb1 0-0 14. Bxc6 bxc6 15. Bxh6 gxh6 16. Rc1 Kh7 17. c4 Rg8 18. Kh2 Rab8 19. cxd5 exd5 20. Rxc6 Rg6 21. Rac1 Rb6 22. e6 Rxe6 23. Ne5 Bd6 24. Ndf3 Be4 25. g3 Qe8 26. Qd1 Rxb2 27. Kg1 Rf6 28. Kg2 Rxa2 29. Qb3 Ra3 30. Qd1 Bxe5 31. Rxf6 Bxf6 32. Qd2 Rxf3 33. Kf1 Qb5+ 34. Kg1 Rd3 35. Qe2 Bf3 36. Qc2 Bxd4 37. Qxc7 Kg7 38. g4 Rd1+ 39. Rxd1 Bxd1 40. gxh5 Qd3 41. Qd6 a5 42. Kg2 Qf3+ 43. Kh2 Qxf2+ 44. Kh1 Bf3# 0-1

[Event "FICGS class E 000171 email"]
[Site "FICGS email"]
[Date "2014.01.31"]
[Round "1"]
[White "Martinez Camacho, Victor Hugo"]
[Black "Frame, Jeremy"]
[Result "0-1"]
[WhiteElo "1222"]
[BlackElo "1249"]
[PlyCount "108"]
[EventDate "2014.??.??"]
[EventType "tourn (corr)"]
[EventRounds "5"]
[SourceTitle "Corr 2022"]
[Source "ChessBase"]
[SourceDate "2021.10.24"]
[SourceVersion "1"]
[SourceVersionDate "2021.10.24"]
[SourceQuality "1"]

1. d4 d5 2. c4 c6 3. Nf3 Nf6 4. Nc3 e6 5. Bg5 Nbd7 6. e3 Be7 7. Bd3 0-0 8. 0-0 h6 9. Bh4 b6 10. Qc2 Bb7 11. cxd5 exd5 12. Rfe1 Qc7 13. Bg3 Bd6 14. Bxd6 Qxd6 15. e4 dxe4 16. Nxe4 Nxe4 17. Bxe4 Nf6 18. Ne5 Nxe4 19. Qxe4 Rfe8 20. Qf3 Qe6 21. Nd3 Qd5 22. Qxd5 cxd5 23. Kf1 Ba6 24. Rad1 Re4 25. f3 Rxd4 26. Re3 Rc8 27. Ke2 Rc2+ 28. Rd2 Rxd3 29. Rexd3 Bxd3+ 30. Kxd3 Rxd2+ 31. Kxd2 Kf8 32. Kd3 Ke7 33. Kd4 Kd6 34. b4 g5 35. g3 f5 36. h3 h5 37. a4 a5 38. bxa5 bxa5 39. g4 fxg4 40. fxg4 h4 41. Kd3 Ke5 42. Ke3 d4+ 43. Kd3 Kd5 44. Kd2 Ke4 45. Ke2 d3+ 46. Kd2 Kd4 47. Kd1 Ke3 48. Ke1 Kf3 49. Kd2 Kg3 50. Kxd3 Kxh3 51. Kc4 Kxg4 52. Kb5 h3 53. Kxa5 h2 54. Kb6 h1Q 0-1

[Event "FICGS class E 000171 email"]
[Site "FICGS email"]
[Date "2014.01.31"]
[Round "1"]
[White "Stoyanov, Zdravko"]
[Black "Frame, Jeremy"]
[Result "0-1"]
[WhiteElo "1212"]
[BlackElo "1249"]
[PlyCount "72"]
[EventDate "2014.??.??"]
[EventType "tourn (corr)"]
[EventRounds "5"]
[SourceTitle "Corr 2022"]
[Source "ChessBase"]
[SourceDate "2021.10.24"]
[SourceVersion "1"]
[SourceVersionDate "2021.10.24"]
[SourceQuality "1"]

1. e4 e5 2. Nf3 Nc6 3. Bb5 Bc5 4. Bxc6 dxc6 5. d3 Bg4 6. h3 Bh5 7. g4 Bg6 8. Nxe5 Qd4 9. Be3 Qxe5 10. d4 Qxe4 11. 0-0 0-0-0 12. Qe2 Bxd4 13. c3 Bxe3 14. Qxe3 Qxe3 15. fxe3 Nf6 16. Na3 Rd3 17. g5 Nd5 18. Nc4 Nxe3 19. Nxe3 Rxe3 20. Kg2 Rhe8 21. b4 Rxc3 22. a3 Re2+ 23. Kg1 Rcc2 24. Rfd1 Rg2+ 25. Kf1 Rcf2+ 26. Ke1 Bh5 27. Rdc1 Re2+ 28. Kf1 Rgf2+ 29. Kg1 Bf3 30. Rc3 Rd2 31. Re3 Rg2+ 32. Kf1 Bd5 33. Ke1 Rh2 34. a4 Rdg2 35. Re2 Rxe2+ 36. Kf1 Reg2 0-1

[Event "FICGS class E 000169 email"]
[Site "FICGS email"]
[Date "2013.11.18"]
[Round "1"]
[White "Lupinacci, Nicola"]
[Black "Frame, Jeremy"]
[Result "1-0"]
[WhiteElo "1224"]
[BlackElo "1373"]
[PlyCount "53"]
[EventDate "2013.??.??"]
[EventType "tourn (corr)"]
[EventRounds "5"]
[SourceTitle "Corr 2022"]
[Source "ChessBase"]
[SourceDate "2021.10.24"]
[SourceVersion "1"]
[SourceVersionDate "2021.10.24"]
[SourceQuality "1"]

1. d4 d5 2. c4 c6 3. Nc3 Nf6 4. Nf3 Bf5 5. cxd5 cxd5 6. Qb3 b6 7. Bf4 e6 8. e3 Bd6 9. Bb5+ Kf8 10. Bxd6+ Qxd6 11. Ne5 Nbd7 12. Nxd7+ Nxd7 13. Rc1 g6 14. Bxd7 Qxd7 15. Qb5 Qxb5 16. Nxb5 Kg7 17. Kd2 a5 18. Rc7 Rhc8 19. Rhc1 Rxc7 20. Rxc7 Rb8 21. Nd6 b5 22. Rxf7+ Kh6 23. Nxf5+ exf5 24. Rd7 b4 25. Rxd5 a4 26. Rc5 b3 27. a3 1-0

[Event "FICGS rapid E 000116 email"]
[Site "FICGS email"]
[Date "2013.10.20"]
[Round "1"]
[White "Cavaille, Cedric"]
[Black "Frame, Jeremy"]
[Result "0-1"]
[WhiteElo "1029"]
[BlackElo "1292"]
[PlyCount "120"]
[EventDate "2013.??.??"]
[EventType "tourn (rapid)"]
[EventRounds "6"]
[SourceTitle "Corr 2022"]
[Source "ChessBase"]
[SourceDate "2021.10.24"]
[SourceVersion "1"]
[SourceVersionDate "2021.10.24"]
[SourceQuality "1"]

1. d4 d5 2. Nc3 c6 3. e4 dxe4 4. Nxe4 Nd7 5. Nf3 Ngf6 6. Nxf6+ Nxf6 7. Ng5 h6 8. Nf3 Bf5 9. Bd3 Bxd3 10. Qxd3 e6 11. 0-0 Bd6 12. c4 0-0 13. c5 Bc7 14. b4 a5 15. Bd2 axb4 16. Bxb4 Ba5 17. Bxa5 Qxa5 18. Rfb1 Rab8 19. a4 Rfd8 20. Qb3 Qc7 21. Qb6 Qf4 22. h3 Nd5 23. Qb2 Qf6 24. Qc1 Nf4 25. Rb3 Ne2+ 26. Kf1 Nxc1 27. Rxc1 Rd5 28. Rcb1 Rxd4 29. a5 Ra4 30. Rxb7 Rxb7 31. Rxb7 Rxa5 32. Rb8+ Kh7 33. Rb7 Rxc5 34. Rb3 Qa1+ 35. Ne1 Rc1 36. Re3 c5 37. f3 c4 38. Kf2 Rxe1 39. Rxe1 Qb2+ 40. Kf1 c3 41. g3 c2 42. f4 c1Q 43. Rxc1 Qxc1+ 44. Kf2 f6 45. h4 e5 46. fxe5 fxe5 47. Kf3 g5 48. hxg5 hxg5 49. Ke4 Qg1 50. Kxe5 Qxg3+ 51. Kf5 Qf4+ 52. Ke6 g4 53. Kd5 g3 54. Kc6 Qe5 55. Kb7 Qd6 56. Kc8 Qe7 57. Kb8 Qd7 58. Ka8 g2 59. Kb8 g1Q 60. Ka8 Qga7# 0-1

[Event "FICGS rapid E 000116 email"]
[Site "FICGS email"]
[Date "2013.10.20"]
[Round "1"]
[White "Frame, Jeremy"]
[Black "Bromo, Alexis"]
[Result "1-0"]
[WhiteElo "1292"]
[BlackElo "1092"]
[PlyCount "41"]
[EventDate "2013.??.??"]
[EventType "tourn (rapid)"]
[EventRounds "6"]
[SourceTitle "Corr 2022"]
[Source "ChessBase"]
[SourceDate "2021.10.24"]
[SourceVersion "1"]
[SourceVersionDate "2021.10.24"]
[SourceQuality "1"]

1. e4 e5 2. Nf3 Nc6 3. Bc4 h6 4. d4 exd4 5. Nxd4 Nxd4 6. Qxd4 c5 7. Qd1 Bd6 8. Qxd6 Ne7 9. Qxc5 d6 10. Bb5+ Nc6 11. Bxc6+ bxc6 12. Qxc6+ Bd7 13. Qxd6 Qa5+ 14. Bd2 Qa4 15. 0-0 Qxc2 16. Na3 Qxb2 17. Rfb1 Qf6 18. Rb8+ Rxb8 19. Qxb8+ Ke7 20. Bb4+ Ke6 21. Qd6# 1-0

[Event "FICGS class E 000168 email"]
[Site "FICGS email"]
[Date "2013.10.20"]
[Round "1"]
[White "Frame, Jeremy"]
[Black "Gomez, Pablo"]
[Result "1-0"]
[WhiteElo "1292"]
[BlackElo "1361"]
[PlyCount "49"]
[EventDate "2013.??.??"]
[EventType "tourn (corr)"]
[EventRounds "5"]
[SourceTitle "Corr 2022"]
[Source "ChessBase"]
[SourceDate "2021.10.24"]
[SourceVersion "1"]
[SourceVersionDate "2021.10.24"]
[SourceQuality "1"]

1. e4 e6 2. d4 d6 3. Nf3 g6 4. Be3 Bg7 5. Nc3 b6 6. Bd3 Ne7 7. Qd2 Bb7 8. 0-0 Nd7 9. Bh6 Bxh6 10. Qxh6 c5 11. dxc5 dxc5 12. Qg7 Rf8 13. Qxh7 Qc7 14. Ng5 Qf4 15. Nf3 Ne5 16. Nxe5 Qxe5 17. f4 Qh5 18. Qxh5 gxh5 19. f5 e5 20. f6 Ng6 21. Rf5 Nf4 22. Rxe5+ Kd7 23. Re7+ Kc6 24. Bb5+ Kd6 25. Rd1+ 1-0

[Event "FICGS rapid E 000116 email"]
[Site "FICGS email"]
[Date "2013.10.20"]
[Round "1"]
[White "Stoyanov, Zdravko"]
[Black "Frame, Jeremy"]
[Result "1-0"]
[WhiteElo "1221"]
[BlackElo "1292"]
[PlyCount "61"]
[EventDate "2013.??.??"]
[EventType "tourn (rapid)"]
[EventRounds "6"]
[SourceTitle "Corr 2022"]
[Source "ChessBase"]
[SourceDate "2021.10.24"]
[SourceVersion "1"]
[SourceVersionDate "2021.10.24"]
[SourceQuality "1"]

1. e4 e5 2. Nf3 Nc6 3. Bb5 Nf6 4. Bxc6 dxc6 5. h3 Bd6 6. d3 0-0 7. 0-0 h6 8. Be3 Be6 9. Qd2 Qd7 10. Kh2 Rad8 11. a3 Nh5 12. Bxh6 Nf4 13. Bxf4 exf4 14. Re1 g6 15. e5 Bc5 16. c3 Qxd3 17. Qxf4 Qf5 18. Qh4 Kg7 19. Qg3 Rh8 20. Nbd2 Be7 21. Red1 Bh4 22. Nxh4 Qc2 23. Nhf3 Rh6 24. Nd4 Qxb2 25. Rdb1 Qxc3 26. Qxc3 Rdh8 27. Nxe6+ fxe6 28. Rxb7 g5 29. Rxc7+ Kg6 30. Qd3+ Kh5 31. g4+ 1-0

[Event "FICGS class E 000167 email"]
[Site "FICGS email"]
[Date "2013.10.09"]
[Round "1"]
[White "Frame, Jeremy"]
[Black "Martinez Camacho, Victor Hugo"]
[Result "0-1"]
[WhiteElo "1292"]
[BlackElo "1253"]
[PlyCount "82"]
[EventDate "2013.??.??"]
[EventType "tourn (corr)"]
[EventRounds "5"]
[SourceTitle "Corr 2022"]
[Source "ChessBase"]
[SourceDate "2021.10.24"]
[SourceVersion "1"]
[SourceVersionDate "2021.10.24"]
[SourceQuality "1"]

1. e4 e5 2. Nf3 Nf6 3. Nc3 Nc6 4. Bc4 Bb4 5. d3 0-0 6. Bd2 d6 7. 0-0 Bg4 8. h3 Be6 9. Nd5 Bxd2 10. Qxd2 Bxd5 11. exd5 Na5 12. Qxa5 b6 13. Qc3 Rc8 14. Nd2 Qd7 15. Ne4 Nxe4 16. dxe4 c6 17. Qd3 cxd5 18. Bxd5 Kh8 19. f4 exf4 20. Rxf4 Rc7 21. Raf1 f6 22. Bb3 Rd8 23. Qd5 Rc5 24. Qe6 Qxe6 25. Bxe6 Rxc2 26. R4f2 Rc5 27. a4 a6 28. Bd5 b5 29. axb5 axb5 30. b3 h6 31. Ra1 Kh7 32. Rfa2 Rdc8 33. Ra7 Kg6 34. h4 h5 35. Re7 R8c7 36. Ra7 Rxa7 37. Rxa7 Rc1+ 38. Kf2 Rd1 39. Rd7 Rd2+ 40. Kg3 Rd3+ 41. Kh2 Kh6 0-1

[Event "FICGS rapid E 000104 email"]
[Site "FICGS email"]
[Date "2013.05.14"]
[Round "1"]
[White "Leurette, Marc Antoine"]
[Black "Frame, Jeremy"]
[Result "0-1"]
[WhiteElo "1178"]
[BlackElo "1223"]
[PlyCount "56"]
[EventDate "2013.??.??"]
[EventType "tourn (rapid)"]
[EventRounds "6"]
[SourceTitle "Corr 2022"]
[Source "ChessBase"]
[SourceDate "2021.10.24"]
[SourceVersion "1"]
[SourceVersionDate "2021.10.24"]
[SourceQuality "1"]

1. e4 e5 2. Nf3 Nf6 3. Nc3 Nc6 4. Bc4 Bc5 5. Ng5 0-0 6. d3 h6 7. Nf3 d6 8. Qe2 Bg4 9. h3 Bh5 10. g4 Bg6 11. g5 hxg5 12. Bxg5 Bb6 13. 0-0-0 Nd4 14. Nxd4 Bxd4 15. h4 Bxc3 16. bxc3 c6 17. Bxf6 Qxf6 18. h5 Bh7 19. h6 Qf4+ 20. Kb1 gxh6 21. Rdg1+ Kh8 22. d4 Bxe4 23. d5 cxd5 24. Bb3 Rg8 25. Rxg8+ Rxg8 26. Qb5 Bxh1 27. Qxb7 Rg1+ 28. Kb2 Qc1# 0-1

[Event "FICGS class E 000163 email"]
[Site "FICGS email"]
[Date "2013.05.10"]
[Round "1"]
[White "Budnar, Milos"]
[Black "Frame, Jeremy"]
[Result "1-0"]
[WhiteElo "1340"]
[BlackElo "1223"]
[PlyCount "115"]
[EventDate "2013.??.??"]
[EventType "tourn (corr)"]
[EventRounds "5"]
[SourceTitle "Corr 2022"]
[Source "ChessBase"]
[SourceDate "2021.10.24"]
[SourceVersion "1"]
[SourceVersionDate "2021.10.24"]
[SourceQuality "1"]

1. e4 e5 2. Nf3 Nf6 3. Bc4 Nc6 4. Ng5 d5 5. exd5 Nxd5 6. d4 Nxd4 7. c3 Nc6 8. Bxd5 Be6 9. Nxe6 fxe6 10. Bxc6+ bxc6 11. Qh5+ g6 12. Qxe5 Rg8 13. 0-0 Qe7 14. Bg5 Qd6 15. Bf4 Qxe5 16. Bxe5 Bd6 17. Bxd6 cxd6 18. b4 Rf8 19. a3 Ke7 20. Nd2 Rf5 21. Ne4 Rb8 22. Rab1 Rfb5 23. Rfd1 d5 24. Nc5 a5 25. f4 axb4 26. axb4 d4 27. cxd4 Kd6 28. Ne4+ Ke7 29. h4 Rxb4 30. Rxb4 Rxb4 31. Ng5 h6 32. Nh3 Kd6 33. g4 Kd5 34. h5 gxh5 35. g5 hxg5 36. fxg5 Rb3 37. Kg2 h4 38. Rd2 Rg3+ 39. Kh2 Ke4 40. Rg2 Rf3 41. Rg4+ Kd5 42. Rxh4 Rf8 43. Rf4 Rg8 44. Kg3 e5 45. dxe5 Kxe5 46. Kg4 c5 47. Rf5+ Kd4 48. Ng1 c4 49. Rf6 Kd3 50. g6 c3 51. Re6 Kc2 52. Ne2 Kb2 53. Nxc3 Kxc3 54. Kg5 Kd4 55. Re7 Kd5 56. g7 Kd6 57. Rf7 Ke6 58. Kg6 1-0

[Event "FICGS class E 000163 email"]
[Site "FICGS email"]
[Date "2013.05.10"]
[Round "1"]
[White "Frame, Jeremy"]
[Black "Goti, Javier"]
[Result "1-0"]
[WhiteElo "1223"]
[BlackElo "1336"]
[PlyCount "47"]
[EventDate "2013.??.??"]
[EventType "tourn (corr)"]
[EventRounds "5"]
[SourceTitle "Corr 2022"]
[Source "ChessBase"]
[SourceDate "2021.10.24"]
[SourceVersion "1"]
[SourceVersionDate "2021.10.24"]
[SourceQuality "1"]

1. e4 c5 2. Nf3 Nc6 3. d4 cxd4 4. Nxd4 g6 5. Be3 Bg7 6. Nxc6 bxc6 7. Nc3 Bb7 8. Bc4 e6 9. Bd4 e5 10. Be3 Nf6 11. 0-0 0-0 12. Qe2 d5 13. exd5 cxd5 14. Bb5 d4 15. Rad1 Qe7 16. Bxd4 Rfe8 17. Bxe8 Qxe8 18. Bxe5 Qe6 19. Bxf6 Qxf6 20. Rd7 Ba6 21. Nb5 Bxb5 22. Qxb5 Rc8 23. c3 Qe6 24. Qb7 1-0

[Event "FICGS class E 000163 email"]
[Site "FICGS email"]
[Date "2013.05.10"]
[Round "1"]
[White "Frame, Jeremy"]
[Black "Stoyanov, Zdravko"]
[Result "1-0"]
[WhiteElo "1223"]
[BlackElo "1270"]
[PlyCount "61"]
[EventDate "2013.??.??"]
[EventType "tourn (corr)"]
[EventRounds "5"]
[SourceTitle "Corr 2022"]
[Source "ChessBase"]
[SourceDate "2021.10.24"]
[SourceVersion "1"]
[SourceVersionDate "2021.10.24"]
[SourceQuality "1"]

1. e4 c5 2. Nf3 a6 3. d4 cxd4 4. Nxd4 e6 5. Nc3 Bb4 6. Bd3 Bxc3+ 7. bxc3 h6 8. Bb2 Nf6 9. 0-0 0-0 10. c4 Qb6 11. Rb1 Qa5 12. Qc1 Qh5 13. Nf3 Ng4 14. h3 Nf6 15. e5 Ne8 16. Ba3 d6 17. exd6 Bd7 18. Rxb7 Bc6 19. Qb2 Nxd6 20. Bxd6 Bxb7 21. Qxb7 Nc6 22. Bxf8 Rxf8 23. Qxc6 Qa5 24. Qe4 g6 25. Nh4 Qh5 26. Rb1 Re8 27. Qc6 Rf8 28. Nxg6 fxg6 29. Qxe6+ Kg7 30. Rb7+ Kh8 31. Bxg6 1-0

[Event "FICGS class E 000158 email"]
[Site "FICGS email"]
[Date "2013.01.07"]
[Round "1"]
[White "Frame, Jeremy"]
[Black "Gonet, Gerard"]
[Result "0-1"]
[WhiteElo "1407"]
[BlackElo "1212"]
[PlyCount "46"]
[EventDate "2013.??.??"]
[EventType "tourn (corr)"]
[EventRounds "5"]
[SourceTitle "Corr 2022"]
[Source "ChessBase"]
[SourceDate "2021.10.24"]
[SourceVersion "1"]
[SourceVersionDate "2021.10.24"]
[SourceQuality "1"]

1. e4 e5 2. Nf3 f5 3. Nxe5 Qf6 4. d4 d6 5. Nf3 fxe4 6. Bg5 Qf5 7. Qe2 Nf6 8. Bxf6 gxf6 9. Nc3 Bd7 10. Qxe4+ Be7 11. Bd3 Qxe4+ 12. Nxe4 Nc6 13. 0-0-0 0-0-0 14. c4 Rhg8 15. g3 h6 16. h3 f5 17. Ned2 Bf6 18. d5 Nb4 19. Bb1 Rde8 20. a3 Na6 21. Rhe1 Nc5 22. Bc2 c6 23. b4 Na6 0-1

[Event "FICGS W-ch st1 g10 email"]
[Site "FICGS email"]
[Date "2012.12.09"]
[Round "1"]
[White "Frame, Jeremy"]
[Black "Bonoldi, Fabio"]
[Result "0-1"]
[WhiteElo "1383"]
[BlackElo "2049"]
[PlyCount "36"]
[EventDate "2012.??.??"]
[EventType "tourn (corr)"]
[EventRounds "8"]
[SourceTitle "Corr 2022"]
[Source "ChessBase"]
[SourceDate "2021.10.24"]
[SourceVersion "1"]
[SourceVersionDate "2021.10.24"]
[SourceQuality "1"]

1. e4 g6 2. d4 Bg7 3. Be3 d6 4. Nf3 Nd7 5. c3 e5 6. dxe5 dxe5 7. Bc4 Ngf6 8. Nbd2 0-0 9. 0-0 Qe7 10. Qb3 h6 11. Rfd1 b6 12. Nh4 Kh7 13. f4 Ng4 14. Nf5 gxf5 15. Nf1 Nxe3 16. Nxe3 Qc5 17. exf5 Qxe3+ 18. Kh1 Nc5 0-1

[Event "FICGS class D 000186 email"]
[Site "FICGS email"]
[Date "2012.09.05"]
[Round "1"]
[White "Frame, Jeremy"]
[Black "Palla, Vit"]
[Result "0-1"]
[WhiteElo "1414"]
[BlackElo "1406"]
[PlyCount "48"]
[EventDate "2012.??.??"]
[EventType "tourn (corr)"]
[EventRounds "6"]
[SourceTitle "Corr 2022"]
[Source "ChessBase"]
[SourceDate "2021.10.24"]
[SourceVersion "1"]
[SourceVersionDate "2021.10.24"]
[SourceQuality "1"]

1. e4 c5 2. Nf3 a6 3. d4 cxd4 4. Nxd4 e5 5. Nf3 Nf6 6. Nc3 Nc6 7. Bg5 Bb4 8. Bc4 b5 9. Bd3 h6 10. Bh4 g5 11. Bg3 d6 12. 0-0 0-0 13. Qd2 Nh5 14. h3 Nd4 15. Rad1 Nxf3+ 16. gxf3 Bxh3 17. Rfe1 Qf6 18. Qe2 Bxc3 19. bxc3 Nf4 20. Bxf4 gxf4 21. Kh2 Qh4 22. Rh1 Kh7 23. Qd2 Rg8 24. Bf1 Bxf1# 0-1

[Event "FICGS class D 000186 email"]
[Site "FICGS email"]
[Date "2012.09.05"]
[Round "1"]
[White "Pech, Stepan"]
[Black "Frame, Jeremy"]
[Result "0-1"]
[WhiteElo "1403"]
[BlackElo "1414"]
[PlyCount "26"]
[EventDate "2012.??.??"]
[EventType "tourn (corr)"]
[EventRounds "6"]
[SourceTitle "Corr 2022"]
[Source "ChessBase"]
[SourceDate "2021.10.24"]
[SourceVersion "1"]
[SourceVersionDate "2021.10.24"]
[SourceQuality "1"]

1. c4 e5 2. Nc3 Nf6 3. Nf3 Nc6 4. g3 d5 5. cxd5 Nxd5 6. Bg2 Be6 7. 0-0 Bc5 8. Nxe5 Nxe5 9. d4 Nxc3 10. bxc3 Nc4 11. dxc5 c6 12. Rb1 Rb8 13. Qxd8+ Kxd8 0-1